The Impacts of Cooperative Economic System into Rural Areas in Vietnamese. Case Study in Rural Area in Quang Nam Province /

Gorde:
Xehetasun bibliografikoak
Egile nagusia: Nguyễn Ngọc Tuyền
Formatua: Ezezaguna
Hizkuntza:English
Argitaratua: 2009.
Gaiak:
Etiketak: Etiketa erantsi
Etiketarik gabe, Izan zaitez lehena erregistro honi etiketa jartzen!
Thư viện lưu trữ: Mạng thư viện Đại học Đà Nẵng
LEADER 01233na a2200313 4500
001 000031749
003 7066
005 20221124101443.0
008 151001s2009 000 eng
040 |a LNN 
041 |a ENG 
082 |a 420.33  |b NG-T 
100 |a Nguyễn Ngọc Tuyền 
245 4 |a The Impacts of Cooperative Economic System into Rural Areas in Vietnamese. Case Study in Rural Area in Quang Nam Province /  |c Nguyễn Ngọc Tuyền. 
260 |c 2009. 
300 |a 93tr. : mh ; 30cm. 
650 |a The Impacts of Cooperative Economic System into Rural Areas in Vietnamese. Case Study in Rural Area in Quang Nam Province, Economic , 2009 
852 |c Luận văn Thạc sĩ 
OWN |a LNN 
AVA |a UDN50  |b LNN  |c English  |d 420.33 NG-T  |e available  |t Error 5001 Not defined in file expand_doc_bib_avail.  |f 1  |g 0  |h N  |i 0  |j AN  |k 1 
999 |a From the UDN01 
AVA |a UDN50  |b LNN  |c English  |d 420.33 NG-T  |e available  |t Error 5001 Not defined in file expand_doc_bib_avail.  |f 1  |g 0  |h N  |i 0  |j AN  |k 1 
TYP |a Printed language 
980 |a Mạng thư viện Đại học Đà Nẵng